B-ciklodextrin alkalmazása tabletták közvetlen préselése során [Application of β-cyclodextrin during direct pressing of tablets]

Elmentve itt :
Bibliográfiai részletek
Szerzők: Révész Piroska
Hódi Klára
Kun Lilla
Miseta Mária
Selmeczi Béla
Dokumentumtípus: Cikk
Megjelent: 1989
Sorozat:ACTA PHARMACEUTICA HUNGARICA 59 No. 3
Tárgyszavak:
mtmt:1865760
Online Access:http://publicatio.bibl.u-szeged.hu/32797
LEADER 00880nab a2200241 i 4500
001 publ32797
005 20250416131904.0
008 250416s1989 hu o 000 hun d
022 |a 0001-6659; 1587-1495 
024 7 |a 1865760  |2 mtmt 
040 |a SZTE Publicatio Repozitórium  |b hun 
041 |a hun 
100 1 |a Révész Piroska 
245 1 0 |a B-ciklodextrin alkalmazása tabletták közvetlen préselése során [Application of β-cyclodextrin during direct pressing of tablets]  |h [elektronikus dokumentum] /  |c  Révész Piroska 
260 |c 1989 
300 |a 99-107 
490 0 |a ACTA PHARMACEUTICA HUNGARICA  |v 59 No. 3 
650 4 |a Általános orvostudomány 
700 0 1 |a Hódi Klára  |e aut 
700 0 1 |a Kun Lilla  |e aut 
700 0 1 |a Miseta Mária  |e aut 
700 0 1 |a Selmeczi Béla  |e aut 
856 4 0 |u http://publicatio.bibl.u-szeged.hu/32797/1/aok_klny_648_89.pdf  |z Dokumentum-elérés